|
|
|
|
| LEADER |
00812nab a2200241 i 4500 |
| 001 |
misc64084 |
| 005 |
20230427110557.0 |
| 008 |
221214s1942 hu o 0|| hun d |
| 040 |
|
|
|a SZTE Miscellanea Repozitórium
|b hun
|
| 041 |
|
|
|a hun
|
| 100 |
1 |
|
|a Németh Gyula
|
| 245 |
1 |
2 |
|a A kunok neve és eredete
|h [elektronikus dokumentum] /
|c Németh Gyula
|
| 260 |
|
|
|c 1942
|
| 300 |
|
|
|a 166-178
|c 23 cm
|
| 300 |
|
|
|a [13] p.
|c 23 cm
|
| 490 |
0 |
|
|a Századok : a Magyar Történelmi Társulat közlönye
|
| 561 |
|
|
|a Németh Gyula hagyaték
|
| 591 |
|
|
|a NOA 4269
|
| 650 |
|
4 |
|a Bölcsészettudományok
|
| 650 |
|
4 |
|a Történettudomány és régészet
|
| 650 |
|
4 |
|a Nyelvek és irodalom
|
| 695 |
|
|
|a Népnév - kun, Kunok története
|
| 856 |
4 |
0 |
|u http://misc.bibl.u-szeged.hu/64084/1/4269_noa.pdf
|z Dokumentum-elérés
|